MARC

LEADER 00000nam0a2200000 4500
001 60672
005 20231031061733.0
035 |a (RuTPU)RU\TPU\book\64158 
090 |a 60672 
100 |a 20040217d1986 k y0rusy50 ca 
101 0 |a rus 
102 |a RU 
105 |a a z 001zy 
200 1 |a Организация и планирование конструкторских работ при освоении производства  |f Г. С. Балахнин 
210 |a Москва  |c Машиностроение  |d 1986 
215 |a 112 с.  |c ил. 
320 |a Библиогр.: с. 111 
610 1 |a производство 
610 1 |a освоение 
610 1 |a конструкторские работы 
610 1 |a организация 
610 1 |a планирование 
610 1 |a механизация 
610 1 |a нормирование 
610 1 |a информационное обеспечение 
610 1 |a формирование 
610 1 |a использование 
610 1 |a нормативная база 
610 1 |a анализ 
610 1 |a серийное производство 
610 1 |a машины 
610 1 |a конструкции 
610 1 |a конструкторские подразделения 
610 1 |a деятельность 
675 |a 658.512.2  |v 3 
700 1 |a Балахнин  |b Г. С.  |g Гари Степанович 
801 1 |a RU  |b 63413507  |c 20040217  |g PSBO 
801 2 |a RU  |b 63413507  |c 20160419  |g PSBO 
942 |c BK